The world of superservice : creating profit through a passion for customer service /

This book is about: Superservice; Strategic management; Communications; Service leadership...

Αποθηκεύτηκε σε:
Λεπτομέρειες βιβλιογραφικής εγγραφής
Κύριος συγγραφέας: Irons, Ken.
Μορφή: Βιβλίο
Γλώσσα:English
Έκδοση: Harlow : Addison-Wesley, 1997.
Θέματα:
Ετικέτες: Προσθήκη ετικέτας
Δεν υπάρχουν, Καταχωρήστε ετικέτα πρώτοι!
Thư viện lưu trữ: Mạng thư viện Đại học Đà Nẵng
LEADER 01069cam a2200361 i 4500
001 000048974
003 8701
005 20051111142109.0
008 010322b1997 vm 000 eng
020 |a 0201403846 
040 |a IRC  |c IRC  |d IRC 
041 0 |a eng 
082 1 4 |a 658.812  |b IR-K 
100 1 |a Irons, Ken. 
245 0 4 |a The world of superservice :  |b creating profit through a passion for customer service /  |c Ken Irons. 
260 |a Harlow :  |b Addison-Wesley,  |c 1997. 
300 |a x, 246 p. :  |b ill. ;  |c 23.5cm. 
520 3 |a This book is about: Superservice; Strategic management; Communications; Service leadership... 
630 0 4 |a Management. 
630 0 4 |a Customer services. 
650 0 4 |a Customer relations. 
650 0 4 |a Service industries  |x Management. 
650 0 4 |a Service industries  |x Quality control. 
OWN |a DUT 
999 |a From the UDN01 
TYP |a Monograph 
TYP |a Printed language 
980 |a Mạng thư viện Đại học Đà Nẵng